000
00234nam a2200097Ia 4500
001
1229069
005
20250827093054.0
008
250824s9999 xx 000 0 und d
245
0
_a
OTRAN
_c
GÜLTEN DAYIOĞLU
260
_b
ALTIN KİTAPLAR
999
_c
1229069
_d
1229069